Normal view MARC view

Entry Personal Name

Number of records used in: 1

001 - CONTROL NUMBER

  • control field: 6692

003 - CONTROL NUMBER IDENTIFIER

  • control field: OSt

005 - DATE AND TIME OF LATEST TRANSACTION

  • control field: 20160203185259.0

008 - FIXED-LENGTH DATA ELEMENTS

  • fixed length control field: 160203|| aca||aabn | a|a d

040 ## - CATALOGING SOURCE

  • Original cataloging agency: OSt
  • Transcribing agency: OSt

100 ## - HEADING--PERSONAL NAME

  • Personal name: edied by Richard G. Marlink; Sara J. Teitelman

670 ## - SOURCE DATA FOUND

  • Source citation: Work cat.: (OSt): edied by Richard G. Marlink; Sara J. Teitelman, From the gound up: building comprehensive HIV/AIDS Core programs in resource limited settings